000 01161 a2200253 4500
001 117266
020 _a9788574069067
041 _apor
082 _aSK 028
100 _aFranco, Blandina.
250 _a1.ed.
300 _a[s.p.]
520 _aO Pum tem essa mania de escapar por aí. Quando a gente menos espera, lá vai o Pum fazendo o maior barulho e uma grande confusão! Depois de aprontar com a Meleca do irmão e com o Piriri do vizinho, o que será que vai acontecer quando o Pum escapar bem na hora do banho? Feito de material impermeável e macio, este livro pode ser lido para bebês e crianças até mesmo embaixo do chuveiro ou dentro da banheira. Ao final da história, os leitores vão descobrir se o Pum finalmente ficou cheirosinho.
521 _aSK
697 _aLiteratura infantil
697 _aLivro de banho
856 _u000029/000029f9.jpg
040 _aBR-BrIDEA
_cBR-BrIDEA
090 _aA SK 028
_bFRA
245 1 0 _aSoltei o Pum na banheira
_cBlandina Franco; ilustrações de José Carlos Lollo
260 _aSão Paulo
_bCompanhia das Letrinhas
_c2020
700 _aLollo, José Carlos.
_eIlustrador
942 _cBK
999 _c117266
_d117266